№ 10; Природа

Bibliografiske detaljer
Parent link:Природа: естественно-научный журнал/ Российская Академия наук. № 10.— , 1912-.— 0032-874X
Sprog:russisk
Udgivet: 2008
Format: Bog
KOHA link:https://koha.lib.tpu.ru/cgi-bin/koha/opac-detail.pl?biblionumber=416187

MARC

LEADER 00000nam2a2200000 4500
001 416187
005 20231101072536.0
035 |a (RuTPU)RU\TPU\prd\73061 
035 |a RU\TPU\prd\60695 
090 |a 416187 
100 |a 20091223a19129999k y0rusy50 ca 
101 0 |a rus 
102 |a RU 
200 0 |a № 10 
210 |d 2008 
461 1 |0 (RuTPU)RU\TPU\prd\304  |x 0032-874X  |t Природа  |o естественно-научный журнал  |f Российская Академия наук  |v № 10  |d 1912- 
801 0 |a RU  |b 63413507  |c 20010227  |g PSBO 
801 1 |a RU  |b 63413507  |c 20081120  |g PSBO 
801 2 |a RU  |b 63413507  |c 20201106  |g RCR 
942 |c BK 
999 |a НТБ_ТПУ  |b НФ  |e -1/20080109  |p П-1379  |s 1/20080414  |u 582,55  |v 1